014_ Personnalités nées un 14 janvier par images - Statistiques

Statistiques générales
  • Ce quiz a été pris 58 fois
  • Le résultat moyen est 3 sur 9
Statistiques - réponses
Par images Hint Réponse % Correct
Rappeur Soprano
100%
Rappeur Jul
98%
Chanteur Étienne Daho
51%
Footballeur Victor Valdés
35%
Cycliste Valentin Paret-Peintre
14%
Peintre Berthe Morisot
7%
Dirigeant Politique Marc Antoine
5%
Rappeur LL Cool J
4%
Actrice Emily Watson
0%
Aucun quiz correspondant
Distribution des résultats
% des personnes avec chaque résultat
Percentile par nombre de réponses
Votre historique - résultats
Vous n’avez pas pris ce quiz